000 00326nam a2200121Ia 4500
008 190723s9999 xx 000 0 und d
020 _a699-407-290-5
100 _aSyed Sami Ahmed
245 4 _aThe Judiciary Pakistan and it's role in Political Crises
260 _aKarachi
_bRoyal Book
_c2003
300 _a222
942 _cBK
999 _c1263
_d1263